LDR 00757naa#a2200181#i#450# 001 EN\\bibl\122169 005 20260705154035.7 011 ## _a2414-3995 100 ## _a20260311b2026####ek#y0engy0150####ca 102 ## _aRU 200 1# _aAnalysis of the problems of existing social security systems for police officers in the US, EU countries, the UK and China: comparative legal research and judicial practice _eJournal article 210 1# _aMoscow _cMoscow University of the Ministry of Internal Affairs of Russia named after V.Ya. Kikot _d2026 215 ## _a4 с. 608 ## _aJournal article _2local 675 ## _aПраво. Юридические науки. 34 _z 700 #1 _aVnukova _gDiana Rafikovna 700 #1 _aTrishkina _gEkaterina Alekseevna 856 4# _amosumvd.editorum.ru _u